00825pam a2200241 a 4500001000800000005001700008008004100025010001700066020002500083040001800108041000800126080001400134082001800148100000700166101000800173245014700181504003000328740003800358906004500396942001200441999001700453952011300470282513320180111082905.0841015s1985 nyu bd 000 0 eng  a 83048797  a006181606X :c$22.50 aDLCcDLCdDLC aeng a423.1 MOR00a423.1 MOR2191 a23 aFJA10aHarper dictionary of contemporary usage /cWilliam and Mary Morris ; with the assistance of a panel of 166 distinguished consultants on usage. aBibliography: p. 639-641.0 aDictionary of contemporary usage. a7bcbccorignewd1eocipf19gy-gencatlg 2ddccBK c40133d40133 00102udc40708PËKGa002b002cPËKGd2018-01-11l0o423.1 MORp002-2994945r2018-01-11w2018-01-11yBK